LEADER 01547nam a2200313 i 4500 001 000000175011 003 CaOOAMICUS 005 20081020000000.0 008 081020s2008 it u000 u ita u 013 $a152488 020 $a978-88-514-0577-9 040 $aSeMil$bita 100 1 $aPirrone, Cecilia,$d<1972- >.$0(OLS)http://semarc/name/14232 245 12$aI figli ci parlano di Dio :$buna psicologa e un prete in dialogo con la famiglia /$cCecilia Pirrone, Francesco Scanziani ; prefazione di Franco Giulio Brambilla. 260 $aMilano :$bÀncora,$ccopyr. 2008. 300 $a158 p. ;$c21 cm. 490 0 $aPercorsi familiari 500 $aIn preliminari : Dedica autografa di uno degli Autori. 650 4$aFamiglia - Concezione cristiana.$0(OLS)http://semarc/subject/1374 650 4$aGenitori e figli - Aspetti religiosi.$0(OLS)http://semarc/subject/28638 700 1 $aScanziani, Francesco,$d<1968- >.$0(OLS)http://semarc/name/14233 700 1 $aBrambilla, Franco Giulio,$c.$0(OLS)http://semarc/name/13164 830 0$aPercorsi familiari.$0(OLS)http://semarc/title/10283 850 $aSeMil 852 $aSeMil$W1$xVenegono$y1$m2E III 379$j125836$B125836$CSeMilBibl$Z2$F136970 $81 961 $aOmaggio: Scanziani don Francesco 996 $6020$a978-88-514-0577-9$9(OLS)http://semarc/number/163108 996 $6245$aI figli ci parlano di Dio :$buna psicologa e un prete in dialogo con la famiglia$9(OLS)http://semarc/title/250958 996 $6260$aMilano :$bÀncora$9(OLS)http://semarc/publisher/29763 LEADER 01316nam a2200253 i 4500 001 000000022645 003 CaOOAMICUS 005 20250219151948.0 008 180830s1979 it u010 u ger u 040 $aSeMil$bita 245 00$aRömische Kurie, kirchliche Finanzen, Vatikanisches Archiv :$bStudien zu Ehren von Hermann Hoberg /$cErwin Gatz (Hrsg.) 264 1$aRoma :$bPontificia Università Gregoriana,$c1979. 300 $a2 v. :$bill. ;$c25 cm. 490 1 $aMiscellanea Historiae Pontificiae ;$v45-46 600 14$aHoberg, Hermann <1907-1992>.$0(OLS)http://semarc/subject/3531 650 4$aCuria romana - Storia.$0(OLS)http://semarc/subject/57173 650 4$aChiesa cattolica - Finanziamenti.$0(OLS)http://semarc/subject/3529 650 4$aCittà del Vaticano - Archivio Apostolico Vaticano.$0(OLS)http://semarc/subject/2134 700 1 $aGatz, Erwin .$0(OLS)http://semarc/name/5829 774 0 $t1. Teil.$kMiscellanea Historiae Pontificiae$w()184135 774 0 $t2. Teil.$kMiscellanea Historiae Pontificiae$w()184136 996 $6245$aRömische Kurie, kirchliche Finanzen, Vatikanisches Archiv :$bStudien zu Ehren von Hermann Hoberg$9(OLS)http://semarc/title/30326 996 $6264$aRoma :$bPontificia Università Gregoriana$9(OLS)http://semarc/publisher/29750